002750000a220008500045001000018000002450048000183000048000665000059001147730016001731 aDadi, Tadesse10aCómo adaptarse a la sequía en Etiopía aVol.0, núm.70 (Mayo, 2007), Páginas 5-6 aAsesor de apoyo de Programas de Tearfund en Etiopía.0 tPaso a Paso